|
|
|
|
| LEADER |
00000nab a2200000 a 4500 |
| 001 |
vtls009146549 |
| 003 |
SK-MaSNL |
| 005 |
20260305013711.0 |
| 008 |
231006c2007 xo mr|p|||||||000 b|slo |
| 015 |
|
|
|a SNBRB2007/06
|2 snkbucl
|
| 038 |
|
|
|a SNKBUCL
|
| 040 |
|
|
|a SNKBUCL
|b slo
|e AACR2
|c SNKBUCL
|
| 041 |
0 |
|
|a slo
|
| 044 |
|
|
|a xo
|c SK
|
| 080 |
|
|
|a 028
|x (437.6)
|2 2001
|
| 080 |
|
|
|a 027.53
|x (437.6)
|2 2001
|
| 100 |
1 |
|
|a Kernerová, Klára,
|d 1951-
|4 aut
|
| 245 |
1 |
0 |
|a Košický literárny maratón
|c Klára Kernerová
|
| 300 |
|
|
|b Fotogr.
|
| 610 |
2 |
7 |
|a Verejná knižnica Jána Bocatia v Košiciach
|2 snkbucl
|9 29554
|
| 611 |
2 |
7 |
|a Nonstop čítanie
|n (10. :
|d 2007 :
|c Košice, Slovensko)
|2 snkbucl
|9 1591185
|
| 650 |
0 |
7 |
|a čítanie
|2 snkbucl
|9 1654
|
| 773 |
0 |
|
|t Knižnica
|g Roč. 8, č. 7 (2007), s. 51
|x 1335-7026
|
| 852 |
|
|
|a SNK
|b KIS3GCP
|
| 856 |
4 |
1 |
|u http://www.snk.sk/images/snk/casopis_kniznica/2007/jul/51.pdf
|
| 958 |
|
|
|a KL
|
| 958 |
|
|
|a OND
|
| 958 |
|
|
|a EUIPO
|
| 999 |
|
|
|c 3265513
|d 3267443
|